00585nam a2200169 a 450000100100000000500170001000800410002704000250006808200160009310000250010924500580013426000530019230000300024504900090027595201140028499900170039800003215920200930063459.0110713s1936 dr c 000 0 spa d aDO-SdBNPbspacBNPHU axxxxbS586r1 aSilva, Damian95826010aRecuerdo de una apoteosis /cDamian Silva, Max Uribe. a[Ciudad Trujillo :bEditorial "Caribes",c1936]. a93 p. :bretrs. ;c24 cm. aBNPD 0010718PDaPDbPDcCTd2011-07-13iLF1l0oxxxx S586rp32159-10r2020-06-25w2020-06-25yLFPDZNo se presta c31650d31650